Nicolás Ferdinandov (Record no. 1867)

MARC details
000 - LÍDER
campo de control de longitud fija 00873nam a2200217Ia 4500
008 - ELEMENTOS DE DATOS DE LONGITUD FIJA - INFORMACIÓN GENERAL
campo de control de longitud fija 0000001980 ve a 0000000000spa00
090 ## - NÚMERO DE LLAMADA DE TIPO LC LOCALMENTE ASIGNADO (OCLC)
Número de clasificación (OCLC) (R) PRU00 F27n
100 1# - ENTRADA PRINCIPAL - NOMBRE PERSONAL
Nombre de la persona Ferdinadov, Nicolas
Fechas asociadas a un nombre 1886
245 10 - TÍTULO DECLARACIÓN
Título Nicolás Ferdinandov
Resto del título : 1886 -1925, colección Galería de Arte Nacional
Declaración de responsabilidad / fotografías Pedro Maxim, Roberto Fontana, Carlos Rojas
260 ## - PUBLICACIÓN, DISTRIBUCIÓN
Lugar de publicación Caracas : Galería de Arte Nacional
Fecha de publicación 1980
300 ## - DESCRIPCIÓN FÍSICA
Alcance 33 p.
Dimensiones / 30 cm.
500 ## - NOTA GENERAL
Nota general Con el patronazgo del maestro venezolano Jesús Rafael Soto (q.e.p.d.)
600 00 - ENTRADA DE SUJETO AÑADIDO - NOMBRE PERSONAL
Nombre de la persona FERDINANDOV, NICOLAS, 1886192/
Subdivisión general TRABAJOS PICTORICOS
610 ## - ENTRADA DE SUJETO AÑADIDO - NOMBRE CORPORATIVO
Nombre corporativo o nombre de jurisdicción como elemento de entrada GALERIA DE ARTE NACIONAL. CARACAS/
Subdivisión general COLECCIONES
650 14 - ENTRADA DE SUJETO AÑADIDO - TÉRMINO TÓPICO
Término tópico o elemento de entrada del nombre geográfico ARTE CONTEMPORANEO RUSO
650 14 - ENTRADA DE SUJETO AÑADIDO - TÉRMINO TÓPICO
Subdivisión general CATALOGOS
650 14 - ENTRADA DE SUJETO AÑADIDO - TÉRMINO TÓPICO
Subdivisión general EXPOSICIONES
650 14 - ENTRADA DE SUJETO AÑADIDO - TÉRMINO TÓPICO
Término tópico o elemento de entrada del nombre geográfico PINTORES RUSOS
650 14 - ENTRADA DE SUJETO AÑADIDO - TÉRMINO TÓPICO
Término tópico o elemento de entrada del nombre geográfico PINTURA RUSA
700 1# - ENTRADA AGREGADA - NOMBRE PERSONAL
Nombre de la persona MaXim, Pedro \ Fontana, Pedro \ Rojas, Carlos
Holdings
Estado de retirada Pérdida de estatus Estado dañado No para préstamo Código de recogida Ubicación permanente Ubicación actual Ubicación de las estanterías Fecha de adquisición Número de llamada completo Código de barras Fecha de la última vez que se vio Número de copia Precio efectivo desde Tipo de artículo Koha
        General ArtNexus ArtNexus General 06/09/2022 P-RU-00 F27N 1867 06/09/2022 Ej.1 06/09/2022 Libro

Powered by Koha